| 000 -LEADER |
| fixed length control field |
00899nam a22001817a 4500 |
| 005 - DATE AND TIME OF LATEST TRANSACTION |
| control field |
20260124092621.0 |
| 008 - FIXED-LENGTH DATA ELEMENTS--GENERAL INFORMATION |
| fixed length control field |
230712b ||||| |||| 00| 0 eng d |
| 040 ## - CATALOGING SOURCE |
| Transcribing agency |
SSBUL |
| Modifying agency |
SSBUL |
| 082 ## - DEWEY DECIMAL CLASSIFICATION NUMBER |
| Edition number |
23 |
| Classification number |
၉၅၉.၁ ပြည် ၁၆၀၇၀ (S-SAT) |
| 245 ## - TITLE STATEMENT |
| Title |
ပြည်တွင်းညီညွတ်ရေးအကြံပေးအဖွဲ့၏ အစီရင်ခံစာ / |
| 260 ## - PUBLICATION, DISTRIBUTION, ETC. |
| Place of publication, distribution, etc. |
[ရန်ကုန်] ၊ |
| Name of publisher, distributor, etc. |
[ထုတ်ဝေသူမပါ] ၊ |
| Date of publication, distribution, etc. |
[၁၉၆၉]။ |
| 300 ## - PHYSICAL DESCRIPTION |
| Extent |
၈၄ စာမျက်နှာ၊ |
| Other physical details |
ဓာတ်ပုံများ၊ |
| Dimensions |
၂၄ စင်တီ။ |
| 500 ## - GENERAL NOTE |
| General note |
S-SAT: Dr. Prof Sai Aung Tun |
| 650 ## - SUBJECT ADDED ENTRY--TOPICAL TERM |
| Topical term or geographic name entry element |
တော်လှန်ရေးကောင်စီ။ |
| 9 (RLIN) |
27830 |
|
| Topical term or geographic name entry element |
အစီရင်ခံစာ။ |
| 9 (RLIN) |
27831 |
| 651 ## - SUBJECT ADDED ENTRY--GEOGRAPHIC NAME |
| Geographic name |
မြန်မာနိုင်ငံ |
| General subdivision |
သမိုင်း။ |
| 9 (RLIN) |
6190 |
| 942 ## - ADDED ENTRY ELEMENTS (KOHA) |
| Source of classification or shelving scheme |
|
| Koha item type |
Book (Short term) |